000 00996cab a2200349 4500
001 ABS57257
008 090401t1997 xxu||||| |||| 00| 0 eng d
035 _a(Sirsi) u79745
041 _aeng
245 _aFocus `97: Somerset, Devon and Cornwall
260 _c1997
350 _a0
490 _aEstates Gazette
_v(9728) 12 July 1997, 97-125(16)
650 _aBUSINESS DEVELOPMENT
650 _aCORNWALL
650 _aDEVON
650 _aEXETER
650 _aHOUSING DEVELOPMENT
650 _aINDUSTRIAL MARKET
650 _aLAND PRICES
650 _aLEISURE MARKET
650 _aPROPERTY-COMMERCIAL PROPERTY-OFFICE PROPERTY-OFFICE PROPERTY MARKET
650 _aPLYMOUTH
650 _aRENTAL VALUES
650 _aPROPERTY-COMMERCIAL PROPERTY-RETAIL PROPERTY-RETAIL PROPERTY MARKET
650 _aSOMERSET
650 _aTRANSPORT
650 _aWEST COUNTRY
690 _aPROPERTY-COMMERCIAL PROPERTY-COMMERCIAL PROPERTY MARKET
942 _n0
948 _c21/07/1997
999 _c50168
_d50168